LEADER 01708nam0 22003251i 450 001 UON00449031 005 20231205105033.294 010 $a978-88-06-20650-5 100 $a20150112d2011 |0itac50 ba 101 $aita 102 $aIT 105 $a|||| ||||| 200 1 $aˆUna ‰rivoluzione della mente$el'Illuminismo radicale e le origini intellettuali della democrazia moderna$fJonathan Israel - Torino$eG. Einaudi, 2011 - XIII, 233 p. ; 20 cm 210 $aTit. orig.: A Revolution of the Mind. Radical Englightenment and the intellectual Origns of Modem Democrary 312 $aTit. orig.$9UON00450291 410 1$1001UON00387796$12001 $aPiccola Biblioteca Einaudi. Mappe$v525 500 0$3UON00450291$aˆA ‰Revolution of the Mind. Radical Englightenment and the intellectual Origns of Modem Democrary$929846 606 $aDemocrazia$3UONC019384$2FI 606 $aILLUMINISMO$3UONC072080$2FI 620 $aIT$dTorino$3UONL000014 676 $a321.8$cFORME DEMOCRATICHE$v21 700 1$aISRAEL$bJonathan I.$3UONV004407$0258955 712 $aEinaudi$3UONV246211$4650 801 $aIT$bSOL$c20250912$gRICA 899 $aSIBA - SISTEMA BIBLIOTECARIO DI ATENEO$2UONSI 912 $aUON00449031 950 $aSIBA - SISTEMA BIBLIOTECARIO DI ATENEO$dSI TEORIA POLSMARRITO SMARRITO $eSI 12464 6 SMARRITO $sSmarrito 951 $aSIBA - SISTEMA BIBLIOTECARIO DI ATENEO$bSI2015109 1J 20150112 996 $aRevolution of the Mind. Radical Englightenment and the intellectual Origns of Modem Democrary$929846 997 $aUNIOR